000 01107cam a2200205 a 4500
999 _c1874
_d1874
020 _a0231062141
020 _a023106215X (pbk.)
050 0 0 _aBF173.F85
_bF55
100 1 _aFisher, Seymour.
245 1 4 _aThe scientific credibility of Freud's theories and therapy /
_cSeymour Fisher & Roger P. Greenberg.
250 _aColumbia University Press Morningside ed.
260 _aNew York, N.Y. :
_bColumbia University Press,
_c1985.
300 _ax, 502 p. ;
_c24 cm.
500 _aReprint. Originally published: New York : Basic Books, c1977.
500 _aIncludes indexes.
505 _a1. HOW CAN FREUD'S IDEAS BE SENSIBLE TESTED 2. THE DREAM THEORY 3. PERSONALITY TYPES: ORAL AND ANAL CHARACTERS 4. OEDIPAL DYNAMICS AND CONSEQUENCES 5. THE ORIGINS OF HOMOSEXUALITY 6. PARANOIA: DEFENSIVE PROJECTION OF HOMOSEXUAL IMPULSES 7. FREUD PSYCHOANALYTIC THERAPY AND THE REALITIES OF CURRENT ANALYTIC PRACTICES 8. THE OUTCOME OF PSYCHOANALYTIC TREATMENT 9. THE MECHANISMS OF PSYCHOANALYTIC THERAPY: THE SEARCH FOR INSIGHT
650 0 _aPsychoanalysis.
700 1 _aGreenberg, Roger P.
942 _cBK